000 00290nam a22001337a 4500
008 170814b xxu||||| |||| 00| 0 eng d
020 _a2900495559671
041 _aeng
080 _25TH
_a51
100 _a36
101 _aMAT
245 _aAPPLIED MATHEMATICS
_cTAN,S.T
942 _2udc
_cBK
999 _c23375
_d23375